| 000 | 00689nam a2200253Ia 4500 | ||
|---|---|---|---|
| 008 | 180523s9999 xx 000 0 und d | ||
| 020 | _a007-124458-1 | ||
| 050 | _aMAIN TK 453 | ||
| 050 | _b.K37 2006 | ||
| 100 | _aKasap, S.O. | ||
| 245 | 0 | _aPrinciples of electronic materials and devices / | |
| 245 | 0 | _cS.O. Kasap. | |
| 250 | _a3rd Edition | ||
| 260 | _aCanada : | ||
| 260 | _bMcGraw-Hill, | ||
| 260 | _c2006 | ||
| 300 | _a874 pages : | ||
| 300 | _billustrations ; | ||
| 300 | _c23 cm. | ||
| 500 | _aIncludes index. | ||
| 650 | _aElectric apparatus and appliances. | ||
| 650 | _aElectrical engineering -- Materials. | ||
| 650 | _xElectronic apparatus and appliances. | ||
| 999 |
_c357700 _d357700 |
||